| 000 | 00788nam a22002537a 4500 | ||
|---|---|---|---|
| 999 |
_c4272 _d4272 |
||
| 003 | AR-CdUCM | ||
| 008 | 190308b ||||| |||| 00| 0 spa d | ||
| 040 |
_aMUNICIPALIDAD PROVINCIAL DEL CUSCO _cBIBLIOTECA MUNICIPAL DEL CUSCO |
||
| 041 | _hrus | ||
| 082 |
_a759.957 / _bP79 |
||
| 110 |
_aPublex S. A. _913508 |
||
| 245 |
_aLa mas grandiosa colección de arte del mundo : _bChagall Marc / |
||
| 260 |
_aBuenos Aires : _bCodex, _c1965. |
||
| 300 |
_a32 paginas ; _bIlustraciones en color, _c35 cm. |
||
| 440 |
_aPinacoteca de los genios _n160 _913509 |
||
| 500 | _aDonacion de la Familia Nieto | ||
| 505 | _aArte | ||
| 650 |
_aRusia _9499 |
||
| 650 |
_aArte _9561 |
||
| 650 |
_a Pintura _93081 |
||
| 700 |
_aSenderey, Berta (Traductor) _913510 |
||
| 942 |
_2ddc _cLIBROS |
||
| 945 | _awnts | ||